000 00922nam a2200241 u 4500
001 000411281
003 AM-YeHGA
005 20250618072420.0
008 050222s2004 ai r 000 0 arm d
020 _a9994134655
040 _aAM-YeHGA
041 0 _aarm
100 1 _aՍահակյան, Յուրի Հակոբի,
_d1937-
245 1 0 _aՇուտասելուկներ և բառախաղեր :
_bԴպր. կրտսեր տարիքի համար /
_cՅու. Սահակյան; Նկ.՝ Ն. Բարսեղյան.
250 _a2-րդ բարեփոխված հրատ.
260 _aԵրևան :
_bԱնտարես,
_c2004.
300 _a28 էջ :
_bգունանկ. ;
_c15 սմ.
500 _aISBN-ը կրկնվում է
650 1 4 _aՀայ մանկական գրականություն
_95413
650 1 4 _aՇուտասելուկներ, բառախաղեր
700 1 _aԲարսեղյան, Նելլի
_eնկ.
_4art
090 _c157940
999 _c156540
_d156540